[Event "Bryansk Zilberstein Memorial 5th"]
[Site "Bryansk"]
[Date "2021.07.29"]
[Round "4"]
[White "Ponkratov, Pavel"]
[Black "Ivlev, Aleksey"]
[Result "0-1"]
[WhiteElo "2629"]
[BlackElo "2315"]
[PlyCount "84"]
[EventDate "2021.07.29"]
[EventType "swiss (rapid)"]
[EventRounds "11"]
[EventCountry "RUS"]
[SourceTitle "CBM 203 Extra"]
[Source "ChessBase"]
[SourceDate "2021.09.30"]
[SourceVersion "1"]
[SourceVersionDate "2021.09.30"]
[SourceQuality "1"]

1. d4 Nf6 2. c4 e6 3. Nc3 c5 4. d5 exd5 5. cxd5 d6 6. e4 g6 7. f4 Bg7 8. Bb5+ Nfd7 9. a4 0-0 10. Nf3 Nf6 11. 0-0 Bg4 12. e5 dxe5 13. fxe5 Nfd7 14. e6 Ne5 15. exf7+ Nxf7 16. h3 Bxf3 17. Rxf3 Nd6 18. Rxf8+ Qxf8 19. Be3 a6 20. Bxc5 Bxc3 21. Qg4 Qf5 22. Qe2 axb5 23. Bxd6 Bd4+ 24. Kh1 Nd7 25. Qxb5 Nf6 26. Qxb7 Qxd5 27. Qxd5+ Nxd5 28. Ra2 Ra6 29. Bg3 Rc6 30. a5 Rc1+ 31. Kh2 Bg1+ 32. Kh1 Ne3 33. h4 h5 34. Be1 Rxe1 35. g3 Ng4 36. Kg2 Ba7 37. b4 Rb1 38. Rd2 Be3 39. Rd8+ Kf7 40. Rb8 Ne5 41. a6 Rb2+ 42. Kh3 Ng4 0-1

[Event "Titled Tuesday intern op 09th Mar"]
[Site "Chess.com INT"]
[Date "2021.03.09"]
[Round "2"]
[White "Ivlev, Aleksey"]
[Black "Marn, Jan"]
[Result "0-1"]
[WhiteElo "2315"]
[BlackElo "2346"]
[PlyCount "88"]
[EventDate "2021.03.09"]
[EventType "swiss (blitz)"]
[EventRounds "11"]
[EventCountry "USA"]
[SourceTitle "CBM 201 Extra"]
[Source "ChessBase"]
[SourceDate "2021.05.31"]
[SourceVersion "1"]
[SourceVersionDate "2021.05.31"]
[SourceQuality "1"]

1. d4 d5 2. Nf3 Nf6 3. c4 e6 4. g3 dxc4 5. Bg2 Bb4+ 6. Nbd2 0-0 7. 0-0 b5 8. a4 c6 9. Qc2 Nbd7 10. b3 cxb3 11. Nxb3 Bb7 12. Bd2 Bxd2 13. Nfxd2 Nd5 14. Ne4 Qe7 15. Na5 N7b6 16. Nc5 Ba6 17. Nxc6 Qe8 18. axb5 Bxb5 19. Nxa7 Bd7 20. Rfb1 Nc8 21. Nxc8 Rxc8 22. e4 Nf6 23. e5 Nd5 24. Be4 h6 25. Bxd5 exd5 26. Ra7 Bg4 27. Kg2 Bh5 28. Qf5 Bg6 29. Qf3 Bxb1 30. Qxd5 Qd8 31. Qc4 Be4+ 32. f3 Bd5 33. Qd3 Rb8 34. Rd7 Rb2+ 35. Kf1 Qa8 36. Qd1 Bxf3 37. Qc1 Rxh2 38. Ke1 Rh1+ 39. Kd2 Rxc1 40. Kxc1 Qa1+ 41. Kd2 Qb2+ 42. Ke3 Bg4 43. Nd3 Qe2+ 44. Kf4 Qf3# 0-1